|
|
|
|
| LEADER |
00000nam0a2200000 4500 |
| 001 |
74319 |
| 005 |
20231031085157.0 |
| 035 |
|
|
|a (RuTPU)RU\TPU\book\79258
|
| 090 |
|
|
|a 74319
|
| 100 |
|
|
|a 20050302d1972 km y0rusy50 ca
|
| 101 |
0 |
|
|a rus
|
| 102 |
|
|
|a RU
|
| 105 |
|
|
|a a z 001zy
|
| 200 |
1 |
|
|a Тепловые основы вулканизации резиновых изделий
|f А. И. Лукомская, П. Ф. Баденков, Л. М. Кеперша
|
| 210 |
|
|
|a Москва
|c Химия
|d 1972
|
| 215 |
|
|
|a 359 с.
|c ил.
|
| 300 |
|
|
|a На пер. авт. не указаны
|
| 320 |
|
|
|a Библиогр. в конце гл.
|
| 320 |
|
|
|a Предметный указатель: с. 354-359.
|
| 610 |
1 |
|
|a резиновые изделия
|
| 610 |
1 |
|
|a вулканизация
|
| 610 |
1 |
|
|a тепловой режим
|
| 610 |
1 |
|
|a теплопередачи
|
| 610 |
1 |
|
|a резиновое производство
|
| 610 |
1 |
|
|a материалы
|
| 610 |
1 |
|
|a теплофизические свойства
|
| 610 |
1 |
|
|a резины
|
| 675 |
|
|
|a 678.021
|v 3
|
| 700 |
|
1 |
|a Лукомская
|b А. И.
|g Александра Ильинична
|
| 701 |
|
1 |
|a Баденков
|b П. Ф.
|g Петр Федорович
|
| 701 |
|
1 |
|a Кеперша
|b Л. М.
|g Людвиг Михайлович
|
| 801 |
|
1 |
|a RU
|b 63413507
|c 20050302
|g PSBO
|
| 801 |
|
2 |
|a RU
|b 63413507
|c 20160616
|g PSBO
|
| 942 |
|
|
|c BK
|